規定打席到達経験のある現役選手(2026) - Statistics

General Stats
  • This quiz has been taken 51 times
    35 since last reset
  • The average score is 88 of 112
Answer Stats
現所属 到達年 選手名 % Correct
阪神 2018,19,21年 梅野隆太郎
100%
阪神 2019~25年 大山悠輔
100%
阪神 2021~25年 中野拓夢
100%
阪神 2021~25年 佐藤輝明
100%
DeNA 2012,14~19年 筒香嘉智
100%
DeNA 2017~24年 宮﨑敏郎
100%
巨人 2008~21,23年 坂本勇人
100%
オリックス 2015,18,19,21,23,24年 森友哉
100%
ロッテ 2024年 佐藤都志也
100%
阪神 2019~25年 近本光司
96%
阪神 2024~25年 森下翔太
96%
DeNA 2021~24年 牧秀悟
96%
ソフトバンク 2025年 牧原大成
96%
阪神 2023年 木浪聖也
91%
DeNA 2020~25年 佐野恵太
91%
中日 2012~23年 大島洋平
91%
広島 2013~24年 菊池涼介
91%
ヤクルト 2015,17,19,21年 中村悠平
91%
ソフトバンク 2013~18,20,21,23年 中村晃
91%
日本ハム 2014~22年 西川遥輝
91%
オリックス 2019,21,23,24年 西川龍馬
91%
楽天 2011~24年 浅村栄斗
91%
西武 2008,09,11,12,14,1517,19,21年 中村剛也
91%
西武 2016,17,21~23,25年 桑原将志
91%
西武 2025年 西川愛也
91%
ロッテ 2018~23年 中村奨吾
91%
ロッテ 2025年 西川史礁
91%
DeNA 2016,18~22年 ビシエド
87%
巨人 2022~25年 吉川尚輝
87%
広島 2021,22,24,25年 小園海斗
87%
広島 2021~24年 坂倉将吾
87%
ヤクルト 2014~22年 山田哲人
87%
ヤクルト 2022~24年 長岡秀樹
87%
ソフトバンク 2014~18,20~23年 柳田悠岐
87%
ソフトバンク 2018~20,22,24,25 山川穂高
87%
ソフトバンク 2024年 周東佑京
87%
日本ハム 2022,25年 清宮幸太郎
87%
日本ハム 2025年 レイエス
87%
オリックス 2021,25年 杉本裕太郎
87%
西武 2008~16,19~21年 栗山巧
87%
西武 2017~22,24年 源田壮亮
87%
西武 2017~20,22~24年 外崎修汰
87%
ロッテ 2018~21,24年 ソト
87%
ロッテ 2025年 藤原恭大
87%
巨人 2011,13~22,24年 丸佳浩
83%
巨人 2017,22~24年 松本剛
83%
巨人 2025年 泉口友汰
83%
中日 2017,18,25年 上林誠知
83%
中日 2022~25年 岡林勇希
83%
中日 2023,24年 細川成也
83%
広島 2012,20年 堂林翔太
83%
ヤクルト 2021~25年 オスナ
83%
ヤクルト 2023,24年 サンタナ
83%
日本ハム 2023~25年 万波中正
83%
オリックス 2021~23年 宗佑磨
83%
楽天 2018年 田中和基
83%
楽天 2024,25年 村林一輝
83%
ロッテ 2022~24年 ポランコ
83%
中日 2018~21年 高橋周平
78%
広島 2012~2019,23,24年 秋山翔吾
78%
ヤクルト 2016,17,19,21年 茂木栄五郎
78%
ヤクルト 2021,22年 塩見泰隆
78%
ソフトバンク 2013~17,22,24年 今宮健太
78%
ソフトバンク 2025年 柳町達
78%
楽天 2021~24年 辰己涼介
78%
ロッテ 2012~18年 角中勝也
78%
DeNA 2017~20年 京田陽太
74%
巨人 2019,21年 甲斐拓也
74%
中日 2019,20,22年 阿部寿樹
74%
中日 2023年 石川昂弥
74%
広島 2024年 矢野雅哉
74%
広島 2025年 ファビアン
74%
オリックス 2021~25年 紅林弘太郎
74%
楽天 2013年 伊藤光
74%
西武 2013,15年 炭谷銀仁朗
74%
ロッテ 2018,21年 藤岡裕大
74%
阪神 2018,19,21,22年 糸原健斗
70%
巨人 2023年 大城卓三
70%
巨人 2025年 キャベッジ
70%
中日 2025年 ボスラー
70%
広島 2019年 會澤翼
70%
ソフトバンク 2015,18~21,23,24年 近藤健介
70%
ソフトバンク 2020,21,24年 栗原陵矢
70%
日本ハム 2014~16,18年 中島卓也
70%
日本ハム 2023年 野村佑希
70%
オリックス 2022,23,25年 中川圭太
70%
オリックス 2023,25年 頓宮裕真
70%
楽天 2025年 宗山塁
70%
楽天 2025年 中島大輔
70%
DeNA 2019年 神里和毅
65%
巨人 2016,17年 小林誠司
65%
日本ハム 2023,24年 マルティネス
65%
オリックス 2025年 太田椋
65%
楽天 2013~22年,24年 鈴木大地
65%
楽天 2024年 小郷裕哉
65%
西武 2025年 渡部聖弥
65%
ロッテ 2020,23年 安田尚憲
65%
ロッテ 2025年 寺地隆成
65%
中日 2022年 木下拓哉
61%
広島 2018,24年 野間峻祥
61%
オリックス 2016年 西野真弘
61%
楽天 2024年 小深田大翔
61%
西武 2025年 ネビン
61%
西武 2025年 長谷川信哉
61%
日本ハム 2024年 郡司裕也
52%
ロッテ 2022年 髙部瑛斗
52%
DeNA 2023年 関根大気
48%
広島 2025年 末包昇大
43%
ヤクルト 2025年 内山壮真
43%
日本ハム 2021年 淺間大基
39%
オリックス 2025年 廣岡大志
39%
ロッテ 2023年 山口航輝
35%
No matching quizzes found
Score Distribution
Percent of People with Each Score
Percentile by Number Answered
Your Score History
You have not taken this quiz since the last reset